00430nam a2200121Ia 4500999001700000082001800017100000800035245008300043260004100126546001200167942001300179952011600192 c24208d24208 a639.8bKAU/CO aKAU aCompendium of fisheries and aquaculture development in the Asia Pacific region aPanangadbCollege of Fisheriesc2011 aEnglish 2ddccREP 00102ddc40708ReportaKAUCLVbKAUCLVcREPORTSd2014-03-18l0o639.8 KAU/COp806414r2014-03-18 00:00:00yREP